000 00784nam a22002655i 4500
001 19854788
003 OSt
005 20250610115932.0
008 170729s2017 ohu 000 0 eng
010 _a 2017950802
020 _a9789355733962
040 _aDLC
_beng
_erda
_cDLC
042 _apcc
082 _a658.5
_bCOL/O
100 _aCollier, David Allen.
_910577
245 1 0 _aOperations and supply chain management /
_cDavid Allen Collier, James R. Evans.
250 _a2nd edition.
263 _a1711
264 1 _aMason, OH :
_bCengage Learning,
_c2021.
300 _a686 pages
336 _atext
_btxt
_2rdacontent
337 _aunmediated
_bn
_2rdamedia
338 _avolume
_bnc
_2rdacarrier
942 _2ddc
_cBK
_h658.5
_iCOL/O
_k658.5
_mCOL/O
999 _c44520
_d44520